00481 2200181 4500001002100000035002000021245007200041100001700113250001000130260003600140300002700176020002200203084001800225082001100243650002300254990001100277990001100288INLIS000000000014898 a0010-1022000216 aPerahu Raksasa Nabi Nuh A.ScAli Muakhir ,editor; Safitri Lusiana D aALI, Muakhir acet.1 aBandung :bSygma Media Inovasi, a23 hlm.: ilus.c19 cm. a978-623-92873-0-6 a297.161 ALI p a297161 aISLAM, CERITA ANAK a9719 a a9719 b